A Comprehensive guide to problems and solutions on pascal / (Record no. 133079)

MARC details
000 -LEADER
fixed length control field 00652nam a22002177a 4500
005 - DATE AND TIME OF LATEST TRANSACTION
control field 20170124110203.0
010 ## - LIBRARY OF CONGRESS CONTROL NUMBER
LC control number A-680127
020 ## - INTERNATIONAL STANDARD BOOK NUMBER
Terms of availability 00.00
International Standard Book Number 817224133
035 ## - SYSTEM CONTROL NUMBER
System control number A-680127
037 ## - SOURCE OF ACQUISITION
Source of stock number/acquisition Cen Lib/Ret
040 ## - CATALOGING SOURCE
Original cataloging agency DPL
Language of cataloging EN
082 ## - DEWEY DECIMAL CLASSIFICATION NUMBER
Classification number 001.6424
Item number DAS
100 ## - MAIN ENTRY--PERSONAL NAME
Personal name Das, P. P.
9 (RLIN) 36746
245 ## - TITLE STATEMENT
Title A Comprehensive guide to problems and solutions on pascal /
Statement of responsibility, etc by P. P. Das
260 ## - PUBLICATION, DISTRIBUTION, ETC. (IMPRINT)
Place of publication, distribution, etc Bombay
Name of publisher, distributor, etc Jaico Publishing House
Date of publication, distribution, etc 1993
270 ## - ADDRESS
Address 121, M. G. Road
City Bombay
Postal code 400023
300 ## - PHYSICAL DESCRIPTION
Extent 86p.
Dimensions 21cm(Hb)
650 ## - SUBJECT ADDED ENTRY--TOPICAL TERM
Topical term or geographic name as entry element Computer science
9 (RLIN) 80027
650 ## - SUBJECT ADDED ENTRY--TOPICAL TERM
Topical term or geographic name as entry element Programming Languages
9 (RLIN) 1109
942 ## - ADDED ENTRY ELEMENTS (KOHA)
Source of classification or shelving scheme Dewey Decimal Classification
Koha item type English Books
Classification part 001.6424
Call number suffix DAS
Holdings
Withdrawn status Lost status Damaged status Not for loan Home library Current library Date acquired Source of acquisition Cost, normal purchase price Total Checkouts Full call number Barcode Date last seen Copy number Cost, replacement price Price effective from Koha item type Public note
Written off       Central Library Central Library 24/07/2015 Cen Lib/Ret 0.00   001.6424 DAS A-680127 24/07/2015 1 0.00 24/07/2015 English Books W/d List No. 6900/9 ; dtd 23/10/2020

© Delhi Public Library
Hit Counter
free hit counter